000 01357nam2a22002771 4500
001 rc\4720980
005 20250612012006.0
035 _a(NLR Aleph) 008441728
090 _a9482609
_c9482609
100 _a20130416d1967 |||y0rusy50 ca
101 0 _arus
102 _aRU
105 _aa z |||||
200 1 _aПушкин и русская культура
_fАН СССР. Ин-т рус. литературы (Пушкинский дом). М-во культуры РСФСР. Ин-т театра, музыки и кинематографии
210 _aЛенинград
_cНаука. Ленингр. отд-ние
_d1967
215 _a395 с., 2 л. ил.
_cил.
_d26
225 2 _aПушкин. Исследования и материалы
_vТ. 5
320 _aБиблиогр. в примеч.
461 0 _1001RU\NLR\INFOCOMM31\1000115798
_12001#$aПушкин. Исследования и материалы$fАкад. наук СССР. Ин-т рус. лит. (Пушкинский дом)$vТ. 5
_94290247
_cМ.
_d1956 -
_fАкад. наук СССР. Ин-т рус. лит. (Пушкинский дом)
_tПушкин. Исследования и материалы
_vТ. 5
801 0 _aRU
_bNLR
_gpsbo
801 1 _aRU
_bELAR
_2rusmarc
852 _aNLR
_jП35/442
942 _cISSUE
980 _aNB
980 _aRUSPER